<?xml version='1.0' encoding='UTF-8'?>
  <record xmlns="http://www.loc.gov/MARC21/slim">
    <leader>00000cem a2200000 i 4500</leader>
    <controlfield tag="001">ocn980374423</controlfield>
    <controlfield tag="003">OCoLC</controlfield>
    <controlfield tag="005">20241227160137.5</controlfield>
    <controlfield tag="008">011107s1840    ne        a     0   dut d</controlfield>
    <datafield tag="040" ind1=" " ind2=" ">
      <subfield code="a">QGJ</subfield>
      <subfield code="b">dut</subfield>
      <subfield code="c">QGJ</subfield>
      <subfield code="d">OCLCL</subfield>
      <subfield code="d">OCLCQ</subfield>
    </datafield>
    <datafield tag="035" ind1=" " ind2=" ">
      <subfield code="a">(OCoLC)980374423</subfield>
    </datafield>
    <datafield tag="084" ind1=" " ind2=" ">
      <subfield code="a">74.20</subfield>
      <subfield code="2">bcl</subfield>
    </datafield>
    <datafield tag="100" ind1="1" ind2=" ">
      <subfield code="a">Prinsen, Pieter Johannes,</subfield>
      <subfield code="d">1777-1854.</subfield>
    </datafield>
    <datafield tag="245" ind1="1" ind2="0">
      <subfield code="a">Kaart van Noord Braband /</subfield>
      <subfield code="c">volgens de nieuwste en naauwkeurigste stukken zamengesteld en in het koper gebragt door Dl. Veelwaard, Junior.</subfield>
    </datafield>
    <datafield tag="255" ind1=" " ind2=" ">
      <subfield code="a">Schaal [ca. 1:580.000].</subfield>
    </datafield>
    <datafield tag="264" ind1=" " ind2="1">
      <subfield code="a">Te Haarlem :</subfield>
      <subfield code="b">bij de Erven F. Bohn,</subfield>
      <subfield code="c">[1840]</subfield>
    </datafield>
    <datafield tag="300" ind1=" " ind2=" ">
      <subfield code="a">1 krt. :</subfield>
      <subfield code="b">kopergrav., in kleur ;</subfield>
      <subfield code="c">21 x 26 cm</subfield>
    </datafield>
    <datafield tag="336" ind1=" " ind2=" ">
      <subfield code="a">cartografische afbeelding</subfield>
      <subfield code="b">cri</subfield>
      <subfield code="2">rdacontent/dut</subfield>
    </datafield>
    <datafield tag="337" ind1=" " ind2=" ">
      <subfield code="a">zonder medium</subfield>
      <subfield code="b">n</subfield>
      <subfield code="2">rdamedia/dut</subfield>
    </datafield>
    <datafield tag="338" ind1=" " ind2=" ">
      <subfield code="a">vel</subfield>
      <subfield code="b">nb</subfield>
      <subfield code="2">rdacarrier/dut</subfield>
    </datafield>
    <datafield tag="500" ind1=" " ind2=" ">
      <subfield code="a">Met opgave van de bevolking en afstanden.</subfield>
    </datafield>
    <datafield tag="500" ind1=" " ind2=" ">
      <subfield code="a">Legenda.</subfield>
    </datafield>
    <datafield tag="500" ind1=" " ind2=" ">
      <subfield code="a">Met schaalstok (5 uren gaans).</subfield>
    </datafield>
    <datafield tag="500" ind1=" " ind2=" ">
      <subfield code="a">Afkomstig uit: P.J. Prinsen, Nieuwe en beknopte hand- en Schoolatlas van het Koninkrijk der Nederlanden. - Haarlem : Bohn, 1840.</subfield>
    </datafield>
    <datafield tag="510" ind1="0" ind2=" ">
      <subfield code="a">Koeman, 3, 96 (Pr 2)</subfield>
    </datafield>
    <datafield tag="651" ind1=" " ind2="7">
      <subfield code="a">Noord-Brabant.</subfield>
      <subfield code="0">(NL-LeOCL)078605709.</subfield>
      <subfield code="2">gtt</subfield>
    </datafield>
    <datafield tag="655" ind1=" " ind2="7">
      <subfield code="a">Kaarten (vorm)</subfield>
      <subfield code="0">(NL-LeOCL)088143554.</subfield>
      <subfield code="2">gtt</subfield>
    </datafield>
    <datafield tag="700" ind1="1" ind2=" ">
      <subfield code="a">Veelwaard, Danie͏̈l,</subfield>
      <subfield code="d">1796-1868.</subfield>
      <subfield code="1">https://id.oclc.org/worldcat/entity/E39PBJmHK6T6rB6VMpVrFbhCQq</subfield>
    </datafield>
    <datafield tag="936" ind1=" " ind2=" ">
      <subfield code="a">BATCHLOAD</subfield>
    </datafield>
  </record>